Office and administrative management : (Record no. 5545)

MARC details
000 -LEADER
fixed length control field 00644cam a2200205ua 4500
008 - FIXED-LENGTH DATA ELEMENTS--GENERAL INFORMATION
fixed length control field 131205n ii |||gr||||Z||||||eng
040 ## - CATALOGING SOURCE
Transcribing agency MAIN
082 ## - DEWEY DECIMAL CLASSIFICATION NUMBER
Classification number 651.3
245 ## - TITLE STATEMENT
Title Office and administrative management :
Remainder of title System analysis,data processing,and office services /
Statement of responsibility, etc. By C.L. Littlefield .
250 ## - EDITION STATEMENT
Edition statement 3rd ed.
260 ## - PUBLICATION, DISTRIBUTION, ETC.
Place of publication, distribution, etc. New delhi:
Name of publisher, distributor, etc. Prentice-hall of India pvt ltd.,
Date of publication, distribution, etc. 1971.
300 ## - PHYSICAL DESCRIPTION
Extent xxi,517p.
700 ## - ADDED ENTRY--PERSONAL NAME
Personal name Littlefield,C.L.,
Relator term
700 1# - ADDED ENTRY--PERSONAL NAME
Personal name Rachel,Frank M.,
Relator term
700 1# - ADDED ENTRY--PERSONAL NAME
Personal name Caruth,Donald L.,
Relator term
942 ## - ADDED ENTRY ELEMENTS (KOHA)
Koha item type Books
653 ## - INDEX TERM--UNCONTROLLED
Uncontrolled term Commerce
653 ## - INDEX TERM--UNCONTROLLED
Uncontrolled term Office and administrative management
Holdings
Withdrawn status Lost status Damaged status Not for loan Home library Current library Shelving location Date acquired Total Checkouts Full call number Barcode Date last seen Copy number Price effective from Koha item type
        Central Library, Naharkatiya College Central Library, Naharkatiya College General Stacks 19/09/2020   651.3 | LIT 13847 19/09/2020 1 19/09/2020 Books

Naharkatiya College © 2020. All rights reserved.

Powered By